Trh práce v ČR v komparaci se standardy Evropské unie
Analýza trhu práce v ČR, skúmanie do akej miery je tento trh adaptovaný na pomery EÚ. Nezamestnanosť ako ekonomický problém. Miera nezamestnanosti v ČR. Prirodzená miera nezamestnanosti, dlhodobá nezamestnanosť. Vzťah medzi mierou nezamestnanosti, dlhodobou nezamestnanosťou a ekonomickým rastom. Akt...
Salvato in:
| Autore principale: | |
|---|---|
| Altri autori: | |
| Natura: | Capitolo di libro |
| Lingua: | ceco |
| Soggetti: | |
| Tags: |
Nessun Tag, puoi essere il primo ad aggiungerne!!
|
MARC
| LEADER | 00000naa$a2200000$$$4500 | ||
|---|---|---|---|
| 001 | 0042806 | ||
| 005 | 20221207085128.2 | ||
| 041 | 0 | |a cze | |
| 044 | |a SK | ||
| 245 | 1 | 0 | |a Trh práce v ČR v komparaci se standardy Evropské unie |c Petr Adámek, Jiří Dobrylovský |
| 520 | |a Analýza trhu práce v ČR, skúmanie do akej miery je tento trh adaptovaný na pomery EÚ. Nezamestnanosť ako ekonomický problém. Miera nezamestnanosti v ČR. Prirodzená miera nezamestnanosti, dlhodobá nezamestnanosť. Vzťah medzi mierou nezamestnanosti, dlhodobou nezamestnanosťou a ekonomickým rastom. Aktívna politika zamestnanosti v krajinách EÚ i v ČR. | ||
| 610 | 2 | 0 | |a trh práce |
| 610 | 2 | 0 | |a nezamestnanosť |
| 610 | 2 | 0 | |a miera nezamestnanosti |
| 610 | 2 | 0 | |a nezamestnanosť dlhodobá |
| 610 | 2 | 0 | |a politika zamestnanosti |
| 610 | 2 | 0 | |a Česko |
| 610 | 2 | 0 | |a Európska únia |
| 100 | 1 | |a Adámek, Petr | |
| 700 | 1 | |a Dobrylovský, Jiří | |